000 00761nam a2200289Ia 4500
008 171025s9999 xx 000 0 und d
020 _a517881675
050 _a818.54
050 _bW994 1992
100 _aWyse, Lois
245 _aGrandchildren are so much fun, I should have had them first /
245 _cby Lois Wyse ; edited by Lillia Rogers.
250 _aFirst edition
260 _aNew York :
260 _bCrown Trade Paperbacks,
260 _c1992
300 _a105 pages :
300 _billustrations ;
300 _c20cm.
650 _aGrandparents --
650 _aGrandparents and child --
650 _aGrandparents and child.
650 _xHumor.
650 _xHumor.
700 _aRogers, Lillia.
700 _aTitle.
999 _c344823
_d344823